Estimating for builders and quantity surveyors (Record no. 62869)
[ view plain ]
| 000 -LEADER | |
|---|---|
| fixed length control field | 00984nam a2200217 a 4500 |
| 008 - FIXED-LENGTH DATA ELEMENTS--GENERAL INFORMATION | |
| fixed length control field | 120416s1991 ||||||||||||||||| || u |
| 020 ## - INTERNATIONAL STANDARD BOOK NUMBER | |
| International Standard Book Number | 0750600411 |
| 050 ## - LIBRARY OF CONGRESS CALL NUMBER | |
| Classification number | TH 435 Buc |
| 100 ## - MAIN ENTRY--PERSONAL NAME | |
| Personal name | Buchan, R. D |
| 245 10 - TITLE STATEMENT | |
| Title | Estimating for builders and quantity surveyors |
| 260 ## - PUBLICATION, DISTRIBUTION, ETC. | |
| Place of publication, distribution, etc. | Oxford : |
| Name of publisher, distributor, etc. | Butterworths-Heinemann |
| Date of publication, distribution, etc. | 1991 |
| 300 ## - PHYSICAL DESCRIPTION | |
| Extent | vii, 291 p. : ill. |
| 350 ## - | |
| -- | 0.00 |
| 650 ## - SUBJECT ADDED ENTRY--TOPICAL TERM | |
| Topical term or geographic name entry element | BUILDING |
| 650 ## - SUBJECT ADDED ENTRY--TOPICAL TERM | |
| Topical term or geographic name entry element | QUANTITY SURVEYING--GREAT BRITAIN |
| 700 ## - ADDED ENTRY--PERSONAL NAME | |
| Personal name | Fleming, F. W |
| 700 ## - ADDED ENTRY--PERSONAL NAME | |
| Personal name | Kelly, J. R |
| 995 ## - | |
| -- | MAIN LIBRARY OPEN ACCESS |
| -- | 0.00 |
| -- | 741029 |
| -- | CBU-MAIN LIBRARY (Kitwe) |
| -- | 1 |
| -- | 0.00 |
| -- | TH 435 BUC |
| -- | 1 |
| -- | AVAILABLE |
| -- | Mar 17, 2010 |
| -- | 741029 |
| -- | Main Library Open Access Collection |
| 995 ## - | |
| -- | MAIN LIBRARY OPEN ACCESS |
| -- | 0.00 |
| -- | 735492 |
| -- | CBU-MAIN LIBRARY (Kitwe) |
| -- | 1 |
| -- | 22.95 |
| -- | TH 435 Buc |
| -- | 1 |
| -- | AVAILABLE |
| -- | 40495 |
| -- | Main Library Open Access Collection |
| 995 ## - | |
| -- | BINDERY (DAMAGED) |
| -- | 0.00 |
| -- | 730943 |
| -- | CBU-MAIN LIBRARY (Kitwe) |
| -- | 2 |
| -- | 22.95 |
| -- | TH 435 Buc |
| -- | DAMAGED |
| -- | 028152 |
| -- | Main Library Open Access Collection |
| 999 ## - | |
| -- | 62869 |
| -- | 62869 |
| Withdrawn status | Lost status | Source of classification or shelving scheme | Damaged status | Not for loan | Permanent Location | Current Location | Shelving location | Date acquired | Total Checkouts | Full call number | Barcode | Date last seen | Price effective from | Koha item type | Checked out | Date last checked out |
|---|---|---|---|---|---|---|---|---|---|---|---|---|---|---|---|---|
| CBU-MAIN LIBRARY, KITWE. | CBU-MAIN LIBRARY, KITWE. | 12/16/2022 | TH 435 Buc | 741029 | 12/16/2022 | 12/16/2022 | MONOGRAPH | |||||||||
| CBU-MAIN LIBRARY, KITWE. | CBU-MAIN LIBRARY, KITWE. | 12/16/2022 | 1 | TH 435 Buc | 40495 | 01/09/2025 | 12/16/2022 | MONOGRAPH | 03/11/2025 | 01/09/2025 | ||||||
| CBU-MAIN LIBRARY, KITWE. | CBU-MAIN LIBRARY, KITWE. | 12/16/2022 | TH 435 Buc | 028152 | 12/16/2022 | 12/16/2022 | MONOGRAPH |